<?xml version="1.0" encoding="UTF-8"?>
<record
    xmlns:xsi="http://www.w3.org/2001/XMLSchema-instance"
    xsi:schemaLocation="http://www.loc.gov/MARC21/slim http://www.loc.gov/standards/marcxml/schema/MARC21slim.xsd"
    xmlns="http://www.loc.gov/MARC21/slim">

  <leader>00458nam a22001697a 4500</leader>
  <controlfield tag="003">OSt</controlfield>
  <controlfield tag="005">20221021173829.0</controlfield>
  <controlfield tag="008">221021b        |||||||| |||| 00| 0 spa d</controlfield>
  <datafield tag="020" ind1=" " ind2=" ">
    <subfield code="a">9568233008</subfield>
  </datafield>
  <datafield tag="040" ind1=" " ind2=" ">
    <subfield code="a">bumc</subfield>
    <subfield code="c">bumc</subfield>
  </datafield>
  <datafield tag="082" ind1=" " ind2=" ">
    <subfield code="2">20</subfield>
    <subfield code="a">741.5983</subfield>
  </datafield>
  <datafield tag="110" ind1=" " ind2=" ">
    <subfield code="4">The Clinic</subfield>
  </datafield>
  <datafield tag="245" ind1=" " ind2=" ">
    <subfield code="a">El libro The clinic</subfield>
    <subfield code="b">Firme junto al pueblo</subfield>
  </datafield>
  <datafield tag="650" ind1=" " ind2=" ">
    <subfield code="a">S&#xE1;tira pol&#xED;tica chilena</subfield>
    <subfield code="9">121</subfield>
    <subfield code="z">Chile</subfield>
  </datafield>
  <datafield tag="650" ind1=" " ind2=" ">
    <subfield code="9">121</subfield>
    <subfield code="a">Humorismo gr&#xE1;fico chileno</subfield>
    <subfield code="z">Chile</subfield>
  </datafield>
  <datafield tag="942" ind1=" " ind2=" ">
    <subfield code="2">ddc</subfield>
    <subfield code="c">LIBRO</subfield>
  </datafield>
  <datafield tag="999" ind1=" " ind2=" ">
    <subfield code="c">17221</subfield>
    <subfield code="d">17221</subfield>
  </datafield>
  <datafield tag="952" ind1=" " ind2=" ">
    <subfield code="0">0</subfield>
    <subfield code="1">0</subfield>
    <subfield code="2">ddc</subfield>
    <subfield code="4">0</subfield>
    <subfield code="7">0</subfield>
    <subfield code="8">CG</subfield>
    <subfield code="a">BC</subfield>
    <subfield code="b">BC</subfield>
    <subfield code="d">2022-10-21</subfield>
    <subfield code="e">Donaci&#xF3;n</subfield>
    <subfield code="o">741.5983 T375f 2002 c.1</subfield>
    <subfield code="p">00022868</subfield>
    <subfield code="r">2022-10-21</subfield>
    <subfield code="t">1</subfield>
    <subfield code="w">2022-10-21</subfield>
    <subfield code="y">LIBRO</subfield>
  </datafield>
</record>
